[Event "aut_ch03"]
[Site "Hartberg, Stmk"]
[Date "2003.08.02"]
[Round "7"]
[Board "1"]
[White "Freitag, Manfred"]
[Black "Ragger, Markus"]
[Result "1-0"]
[WhiteElo "2393"]
[BlackElo "2347"]
[PlyCount "83"]

1.d4 d5 2.c4 e6 3.Nf3 c6 4.Qc2 dxc4 5.Qxc4 Nf6 6.g3 Nbd7 7.Bg2 Bd6 8.O-O O-O
9.Nc3 e5 10.Be3 Qe7 11.dxe5 Nxe5 12.Nxe5 Bxe5 13.Bc5 Bd6 14.Bxd6 Qxd6 15.Rad1
Qe7 16.Rd4 Be6 17.Qa4 Qc7 18.Rfd1 a6 19.Qc2 Rfd8 20.Qd2 Rxd4 21.Qxd4 Re8 22.e4
Re7 23.Qd8+ Qxd8 24.Rxd8+ Re8 25.Rxe8+ Nxe8 26.f4 f6 27.Kf2 Kf8 28.Ke3 Nd6 29.b4
a5 30.bxa5 c5 31.Bf1 Ke7 32.Na4 c4 33.Nc3 Kd7 34.Kd4 Kc6 35.a4 h6 36.Bg2 Kd7
37.Kc5 Nc8 38.e5 fxe5 39.fxe5 Ne7 40.Bxb7 Ng6 41.Bc6+ Kc7 42.Nb5+

[Event "aut_ch03"]
[Site "Hartberg, Stmk"]
[Date "2003.08.02"]
[Round "7"]
[Board "1"]
[White "Lendwai, Reinhard"]
[Black "Volkmann, Friedrich Karl"]
[Result "1/2-1/2"]
[WhiteElo "2444"]
[BlackElo "2455"]
[PlyCount "37"]

1.e4 e5 2.Bc4 Nf6 3.d3 c6 4.Nf3 d5 5.Bb3 Bd6 6.Nc3 dxe4 7.Ng5 O-O 8.Ncxe4 Nxe4
9.Nxe4 Bf5 10.Qf3 Bxe4 11.dxe4 Nd7 12.O-O Nc5 13.Rd1 Nxb3 14.Qxb3 Qc7 15.Be3
Rfd8 16.a4 Be7 17.c3 b6 18.h3 h6 19.Rxd8+

[Event "aut_ch03"]
[Site "Hartberg, Stmk"]
[Date "2003.08.02"]
[Round "7"]
[Board "1"]
[White "Wittmann, Walter"]
[Black "Schroll, Gerhard"]
[Result "1/2-1/2"]
[WhiteElo "2359"]
[BlackElo "2414"]
[PlyCount "76"]

1.e4 e5 2.Nf3 Nf6 3.Nc3 Nc6 4.Bb5 Bc5 5.O-O O-O 6.Bxc6 dxc6 7.h3 Re8 8.d3 Bf8
9.b3 Nd7 10.Bb2 c5 11.Nd5 Bd6 12.Nh2 Qh4 13.Qg4 Qxg4 14.Nxg4 c6 15.Nde3 Bc7
16.g3 Nf8 17.Kg2 Ng6 18.a4 a5 19.Nh2 f6 20.Nf3 Nf8 21.Ng1 Ne6 22.Ne2 Nd4 23.Nxd4
cxd4 24.Nc4 b5 25.Nd2 Bd7 26.Ra2 g5 27.g4 Kf7 28.Rfa1 h5 29.f3 Rh8 30.Nf1 h4
31.Bc1 Ra7 32.Nd2 Rha8 33.Kf2 Ke6 34.Ke2 Bd6 35.Ba3 Bxa3 36.Rxa3 Kd6 37.Kd1 Be6
38.Kc1 b4

[Event "aut_ch03"]
[Site "Hartberg, Stmk"]
[Date "2003.08.02"]
[Round "7"]
[Board "1"]
[White "Knoll, Hermann"]
[Black "Neubauer, Martin"]
[Result "1/2-1/2"]
[WhiteElo "2361"]
[BlackElo "2417"]
[PlyCount "22"]

1.e4 e6 2.d4 d5 3.e5 c5 4.c3 Nc6 5.Nf3 Bd7 6.Be2 Nge7 7.Na3 cxd4 8.cxd4 Nf5
9.Nc2 Nb4 10.Nxb4 Bxb4+ 11.Kf1 Be7

[Event "aut_ch03"]
[Site "Hartberg, Stmk"]
[Date "2003.08.03"]
[Round "8"]
[Board "1"]
[White "Schweda, Roland"]
[Black "Neubauer, Martin"]
[Result "1-0"]
[WhiteElo "2381"]
[BlackElo "2417"]
[PlyCount "87"]

1.d4 Nf6 2.Nf3 g6 3.Nbd2 Bg7 4.g3 O-O 5.Bg2 c5 6.dxc5 Na6 7.Nb3 Nxc5 8.Nxc5 Qa5+
9.c3 Qxc5 10.O-O d6 11.Nd4 Rb8 12.a4 Qh5 13.e4 Bg4 14.f3 Bh3 15.Be3 Bxg2 16.Kxg2
a6 17.Qd2 Qa5 18.Rfd1 Rbc8 19.Ne2 Rfd8 20.Nf4 b5 21.Qf2 Rb8 22.Ba7 Rb7 23.e5 Ne8
24.Nd5 bxa4 25.Bb6 Rxb6 26.Qxb6 Qxb6 27.Nxb6 Bxe5 28.Rxa4 Nc7 29.Nd5 Nxd5
30.Rxd5 Rb8 31.Ra2 f5 32.Rda5 h5 33.Rxa6 Kf7 34.f4 Bf6 35.Kf3 h4 36.Ra8 Rb5
37.gxh4 Bxh4 38.b4 Bf6 39.R2a3 Rb7 40.Rb3 g5 41.fxg5 Bxg5 42.b5 e5 43.b6 e4+
44.Ke2

[Event "aut_ch03"]
[Site "Hartberg, Stmk"]
[Date "2003.08.03"]
[Round "8"]
[Board "1"]
[White "Danner, Georg"]
[Black "Knoll, Hermann"]
[Result "0-1"]
[WhiteElo "2359"]
[BlackElo "2361"]
[PlyCount "129"]

1.d4 Nf6 2.Nf3 e6 3.e3 c5 4.Bd3 b6 5.O-O Bb7 6.c4 g6 7.Nc3 Bg7 8.Bc2 O-O 9.d5
exd5 10.cxd5 d6 11.e4 a6 12.a4 Re8 13.Nd2 Nbd7 14.Nc4 Qc7 15.Bf4 Ne5 16.Bxe5
dxe5 17.Qd2 Nd7 18.Rfd1 Rab8 19.Bd3 Rf8 20.Qc2 Kh8 21.b3 Rbe8 22.Re1 Qb8 23.Rad1
Bc8 24.Ne3 Rd8 25.Qe2 Qa8 26.Nb1 Nf6 27.Na3 Nd7 28.Rc1 Bb7 29.Red1 Rfe8 30.Nac4
Qb8 31.Nd2 Qa8 32.Qf3 Rf8 33.Qh3 Bc8 34.Qh4 Qb8 35.Ndc4 Nf6 36.g4 Nd7 37.Rb1
Rde8 38.f3 b5 39.axb5 axb5 40.Nd2 Qb6 41.Ndf1 Bf6 42.Qf2 Be7 43.Kg2 Bd6 44.Rd2
Nb8 45.Ra2 Na6 46.Nc2 Bd7 47.b4 Nc7 48.Nd2 Rb8 49.bxc5 Bxc5 50.Qg3 Qd6 51.Nb3
Bb6 52.Qe1 f5 53.Ne3 fxg4 54.fxg4 Rf4 55.h3 Rbf8 56.Re2 h5 57.Qh4 Bxe3 58.Rxe3
Nxd5 59.Rg3 Kg7 60.Qg5 hxg4 61.exd5 Qxd5+ 62.Kg1 R8f6 63.hxg4 Rf3 64.Rxf3 Qxf3
65.Qxe5

[Event "aut_ch03"]
[Site "Hartberg, Stmk"]
[Date "2003.08.03"]
[Round "8"]
[Board "1"]
[White "Schroll, Gerhard"]
[Black "Stanec, Nikolaus"]
[Result "0-1"]
[WhiteElo "2414"]
[BlackElo "2560"]
[PlyCount "74"]

1.d4 Nf6 2.c4 c5 3.Nf3 cxd4 4.Nxd4 b6 5.Nc3 Bb7 6.Bg5 a6 7.Rc1 e6 8.e3 Be7 9.f3
O-O 10.Be2 d6 11.O-O Nbd7 12.Qd2 Rc8 13.Rfd1 Re8 14.Bh4 Qc7 15.Qe1 Qb8 16.Bf1
Bd8 17.h3 Ne5 18.b3 Ng6 19.Bg3 Bc7 20.Qf2 Ne5 21.Bh4 Nfd7 22.f4 Ng6 23.f5 Nxh4
24.fxe6 fxe6 25.Qxh4 Bd8 26.Qg3 Ne5 27.Kh1 Qc7 28.Be2 Qe7 29.Nf3 Nf7 30.Bd3 Bc7
31.e4 d5 32.Qg4 dxc4 33.Bxc4 b5 34.Bd3 Qf6 35.Qh4 Qxh4 36.Nxh4 Bf4 37.Rc2 Ne5

[Event "aut_ch03"]
[Site "Hartberg, Stmk"]
[Date "2003.08.03"]
[Round "8"]
[Board "1"]
[White "Baumegger, Siegfried"]
[Black "Wittmann, Walter"]
[Result "1-0"]
[WhiteElo "2375"]
[BlackElo "2359"]
[PlyCount "89"]

1.c4 c5 2.Nf3 Nc6 3.Nc3 e5 4.g3 g6 5.Bg2 Bg7 6.a3 a5 7.O-O Nge7 8.Ne1 d6 9.Nc2
O-O 10.Ne3 Rb8 11.Rb1 b6 12.d3 h6 13.Ned5 Nxd5 14.cxd5 Ne7 15.b4 axb4 16.axb4
Bd7 17.Qb3 Qc7 18.Bd2 Rfc8 19.Rfc1 f5 20.e4 Kh7 21.Bf1 Rf8 22.Rb2 f4 23.Rcb1 b5
24.Rc2 Qb6 25.bxc5 dxc5 26.Nd1 Qd6 27.Ra2 Qf6 28.Ra7 Bg4 29.Be1 Bf3 30.Qc2 Nc8
31.Rc7 Nd6 32.Qxc5 Rbc8 33.Rc6 Rcd8 34.Bb4 Qg5 35.Qc2 Rf6 36.Bxd6 Rdxd6 37.Rxd6
Rxd6 38.Be2 Qh5 39.Bxf3 Qxf3 40.Nc3 Qg4 41.Nxb5 f3 42.Qd1 Rf6 43.Nc7 h5 44.Ne6
h4 45.h3

[Event "aut_ch03"]
[Site "Hartberg, Stmk"]
[Date "2003.08.03"]
[Round "8"]
[Board "1"]
[White "Volkmann, Friedrich Karl"]
[Black "Kummer, Helmut"]
[Result "1-0"]
[WhiteElo "2455"]
[BlackElo "2336"]
[PlyCount "105"]

1.e4 e5 2.Nf3 Nf6 3.d4 Nxe4 4.Bd3 d5 5.Nxe5 Nd7 6.Qe2 Nxe5 7.Bxe4 dxe4 8.Qxe4
Be7 9.dxe5 O-O 10.O-O Re8 11.Nc3 c6 12.Rd1 Qa5 13.Bf4 Bb4 14.Rd3 g6 15.a3 Bf8
16.Qe3 Bf5 17.Ne4 Bg7 18.b4 Qb6 19.Re1 f6 20.Qg3 fxe5 21.Bg5 h6 22.Nf6+ Bxf6
23.Bxf6 Re6 24.Rf3 Rxf6 25.Rxf5 Raf8 26.Rxf6 Rxf6 27.Rxe5 Qd4 28.h4 Kf7 29.Qb3+
Kf8 30.Qe3 Qxe3 31.Rxe3 Kf7 32.Kf1 Rf4 33.g3 Rc4 34.c3 c5 35.Ke2 cxb4 36.axb4
Rc7 37.Kd3 h5 38.c4 Kf6 39.Re4 a5 40.Rf4+ Ke6 41.Re4+ Kf6 42.bxa5 Rc5 43.Re2
Rxa5 44.Rb2 Ra1 45.Rxb7 Rd1+ 46.Ke4 Re1+ 47.Kf4 Rc1 48.Rb6+ Kf7 49.Kg5 Rxc4
50.Rf6+ Ke7 51.Kxg6 Rc2 52.Rf4 Rc5 53.Rf5

[Event "aut_ch03"]
[Site "Hartberg, Stmk"]
[Date "2003.08.03"]
[Round "8"]
[Board "1"]
[White "Ragger, Markus"]
[Black "Lendwai, Reinhard"]
[Result "1-0"]
[WhiteElo "2347"]
[BlackElo "2444"]
[PlyCount "68"]

1.e4 c6 2.d4 d5 3.e5 Bf5 4.c4 e6 5.Nc3 Ne7 6.Nge2 dxc4 7.Ng3 Bd3 8.Bxd3 cxd3
9.Qxd3 Nd7 10.f4 g6 11.Nge4 Nf5 12.g4 Qh4+ 13.Nf2 Ne7 14.Bd2 h5 15.g5 Nf5 16.Ne2
Rd8 17.Bc3 Nb6 18.Qe4 Nd5 19.Rd1 Nfe3 20.Rd3 Ng4 21.Rg3 c5 22.Bd2 cxd4 23.Ng1
Nge3 24.Nd3 Nf5 25.Ne2 Rg8 26.Nf2 d3 27.Qxd3 Rd7 28.Rh3 Nde3 29.Qb3 Bb4 30.Bxb4
Rd1+ 31.Qxd1 Nxd1 32.Rxh4 Nxf2 33.Kxf2 Nxh4 34.Rd1 Nf5

[Event "aut_ch03"]
[Site "Hartberg, Stmk"]
[Date "2003.08.04"]
[Round "9"]
[Board "1"]
[White "Lendwai, Reinhard"]
[Black "Sommerbauer, Norbert"]
[Result "1/2-1/2"]
[WhiteElo "2444"]
[BlackElo "2413"]
[PlyCount "50"]

1.e4 c5 2.Nf3 d6 3.d4 cxd4 4.Nxd4 Nf6 5.Nc3 g6 6.Be3 Bg7 7.f3 O-O 8.Qd2 Nc6
9.Bc4 Bd7 10.O-O-O Rc8 11.Bb3 Ne5 12.h4 h5 13.Bg5 Rc5 14.Kb1 b5 15.g4 hxg4 16.h5
Rxc3 17.bxc3 Nxf3 18.Nxf3 Nxe4 19.Qh2 Nxc3+ 20.Kc1 Qa5 21.hxg6 Nxa2+ 22.Bxa2
Qa3+ 23.Kd2 Qc3+ 24.Ke2 Qxf3+ 25.Ke1 Qe4+

[Event "aut_ch03"]
[Site "Hartberg, Stmk"]
[Date "2003.08.05"]
[Round "10"]
[Board "1"]
[White "Schweda, Roland"]
[Black "Danner, Georg"]
[Result "1/2-1/2"]
[WhiteElo "2381"]
[BlackElo "2359"]
[PlyCount "100"]

1.d4 f5 2.Bg5 c6 3.e3 Qb6 4.Qc1 g6 5.Nd2 Bg7 6.c3 d6 7.e4 e5 8.dxe5 dxe5 9.exf5
Bxf5 10.Nc4 Qc7 11.Qd2 Nd7 12.Nd6+ Kf8 13.Bc4 Ngf6 14.Nxf5 gxf5 15.O-O-O Re8
16.Nf3 Nc5 17.Qc2 Nce4 18.Bxf6 Bxf6 19.g4 b5 20.gxf5 Ng5 21.Be6 Nxe6 22.fxe6
Rxe6 23.Qf5 Qf7 24.Rhe1 Rg8 25.Nxe5 Bg5+ 26.Qxg5 Rxg5 27.Nxf7 Kxf7 28.Rd7+ Kf6
29.Rxe6+ Kxe6 30.Rxa7 Rh5 31.Kd2 Rxh2 32.Ke3 h5 33.Rh7 Kd5 34.Rh6 Rh1 35.b3 Rh3+
36.f3 Rh1 37.a4 bxa4 38.bxa4 c5 39.a5 Kc4 40.a6 Ra1 41.f4 h4 42.Kf2 Kxc3 43.f5
Ra2+ 44.Kg1 Kd4 45.Rb6 c4 46.f6 c3 47.f7 c2 48.Rc6 Rxa6 49.Rxc2 Ra8 50.Rf2 Rf8

[Event "aut_ch03"]
[Site "Hartberg, Stmk"]
[Date "2003.08.05"]
[Round "10"]
[Board "1"]
[White "Schroll, Gerhard"]
[Black "Neubauer, Martin"]
[Result "1/2-1/2"]
[WhiteElo "2414"]
[BlackElo "2417"]
[PlyCount "54"]

1.e4 e6 2.d4 d5 3.exd5 exd5 4.Bd3 c5 5.dxc5 Bxc5 6.Nf3 Nf6 7.Qe2+ Be6 8.Nbd2 O-O
9.Nb3 Bb6 10.Be3 Nc6 11.Bxb6 Qxb6 12.O-O Rfe8 13.Qd2 a5 14.c3 Ne4 15.Qc2 Bf5
16.Nbd4 Bg6 17.Rad1 Re7 18.Qb3 Qxb3 19.axb3 Nc5 20.Bxg6 hxg6 21.Ra1 Ne6 22.Nb5
Ra6 23.Rfd1 Rb6 24.Rxd5 Nf4 25.Rc5 Ne6 26.Rd5 Nf4 27.Rc5 Ne6

[Event "aut_ch03"]
[Site "Hartberg, Stmk"]
[Date "2003.08.05"]
[Round "10"]
[Board "1"]
[White "Baumegger, Siegfried"]
[Black "Knoll, Hermann"]
[Result "0-1"]
[WhiteElo "2375"]
[BlackElo "2361"]
[PlyCount "62"]

1.Nf3 d5 2.d4 Nf6 3.c4 e6 4.Bg5 c6 5.e3 Nbd7 6.cxd5 exd5 7.Nc3 Be7 8.Bd3 Nf8
9.Bf4 Ne6 10.Be5 O-O 11.Qc2 g6 12.h3 Ng7 13.g4 Nd7 14.Bxg7 Kxg7 15.O-O-O Bd6
16.Rdg1 Re8 17.h4 Nf6 18.h5 Bxg4 19.Ng5 Bxh5 20.Nxh7 Rh8 21.Ng5 Qe7 22.Kb1 Bg4
23.f3 Rxh1 24.Rxh1 Bh5 25.e4 Bf4 26.Qg2 Rh8 27.Ne2 Bxg5 28.Qxg5 dxe4 29.Bc4 exf3
30.Nf4 f2 31.Qg3 Qe4+

[Event "aut_ch03"]
[Site "Hartberg, Stmk"]
[Date "2003.08.05"]
[Round "10"]
[Board "1"]
[White "Volkmann, Friedrich Karl"]
[Black "Stanec, Nikolaus"]
[Result "1/2-1/2"]
[WhiteElo "2455"]
[BlackElo "2560"]
[PlyCount "22"]

1.d4 d5 2.c4 e6 3.Nc3 Be7 4.Nf3 Nf6 5.Bg5 O-O 6.e3 h6 7.Bh4 Ne4 8.Bxe7 Qxe7
9.cxd5 Nxc3 10.bxc3 exd5 11.Qb3 Rd8

[Event "aut_ch03"]
[Site "Hartberg, Stmk"]
[Date "2003.08.05"]
[Round "10"]
[Board "1"]
[White "Sommerbauer, Norbert"]
[Black "Kummer, Helmut"]
[Result "1-0"]
[WhiteElo "2413"]
[BlackElo "2336"]
[PlyCount "89"]

1.Nf3 d5 2.d4 Nc6 3.e3 Bg4 4.Bb5 e6 5.h3 Bxf3 6.Qxf3 Nf6 7.O-O Qd7 8.c4 a6 9.Ba4
dxc4 10.Bxc6 Qxc6 11.Qxc6+ bxc6 12.Nd2 c3 13.bxc3 Rb8 14.Nc4 Bd6 15.f3 c5 16.e4
Nd7 17.Be3 cxd4 18.cxd4 e5 19.d5 f6 20.Rac1 Ke7 21.Rc3 Rb5 22.Rfc1 Rhb8 23.Kf2
h6 24.Ke2 Rb1 25.Rxb1 Rxb1 26.Nxd6 Rb2+ 27.Kf1 cxd6 28.Ra3 f5 29.exf5 Nb6
30.Bxb6 Rxb6 31.Rb3 Rxb3 32.axb3 Kf6 33.g4 Kg5 34.Kf2 Kf4 35.b4 e4 36.fxe4 Kxe4
37.Kg3 Kxd5 38.Kf4 Kc6 39.h4 Kd7 40.Ke4 Ke7 41.g5 Ke8 42.Kd5 hxg5 43.hxg5 Kd7
44.f6 g6 45.f7

[Event "aut_ch03"]
[Site "Hartberg, Stmk"]
[Date "2003.08.05"]
[Round "10"]
[Board "1"]
[White "Titz, Heimo"]
[Black "Lendwai, Reinhard"]
[Result "1/2-1/2"]
[WhiteElo "2295"]
[BlackElo "2444"]
[PlyCount "90"]

1.c4 Nf6 2.Nc3 c5 3.g3 d5 4.cxd5 Nxd5 5.Bg2 Nc7 6.Nf3 Nc6 7.d3 g6 8.O-O Bg7
9.Be3 Ne6 10.Na4 Qd6 11.Rc1 Ncd4 12.Nd2 f5 13.Nb3 O-O 14.Nbxc5 Rb8 15.b3 Nd8
16.Bxd4 Bxd4 17.e3 Bg7 18.d4 b6 19.Nd3 Ba6 20.Re1 g5 21.Qd2 f4 22.gxf4 Bxd3
23.Qxd3 gxf4 24.Qe4 Nf7 25.Rc6 Qb4 26.Rec1 Kh8 27.Kh1 Ng5 28.Qd5 h6 29.h4 Nh7
30.Nc3 e5 31.dxe5 Qe7 32.exf4 Qxh4+ 33.Kg1 Qxf4 34.Ne4 Bxe5 35.Qe6 Rbe8 36.Qh3
Bd4 37.Rc8 Bc5 38.Qc3+ Kg8 39.Rxe8 Bxf2+ 40.Nxf2 Qxf2+ 41.Kh1 Qh4+ 42.Kg1 Qf2+
43.Kh1 Qh4+ 44.Kg1 Qf2+ 45.Kh1 Qh4+

[Event "aut_ch03"]
[Site "Hartberg, Stmk"]
[Date "2003.08.06"]
[Round "11"]
[Board "1"]
[White "Freitag, Manfred"]
[Black "Schweda, Roland"]
[Result "1-0"]
[WhiteElo "2393"]
[BlackElo "2381"]
[PlyCount "43"]

1.e4 c5 2.Nf3 d6 3.d4 cxd4 4.Nxd4 Nf6 5.Nc3 a6 6.Bg5 e6 7.f4 Qc7 8.Qf3 Nc6
9.O-O-O Nxd4 10.Rxd4 b5 11.e5 Bb7 12.Nxb5 axb5 13.Bxb5+ Nd7 14.exd6 Qb6 15.Qb3
Bc6 16.Re1 Nc5 17.Bxc6+ Qxc6 18.d7+ Qxd7 19.Qb6 Qc8 20.Qb5+ Nd7 21.Red1 Ra7
22.Rxd7

[Event "aut_ch03"]
[Site "Hartberg, Stmk"]
[Date "2003.08.06"]
[Round "11"]
[Board "1"]
[White "Kummer, Helmut"]
[Black "Titz, Heimo"]
[Result "0-1"]
[WhiteElo "2336"]
[BlackElo "2295"]
[PlyCount "100"]

1.d4 Nf6 2.c4 e6 3.Nf3 c5 4.d5 exd5 5.cxd5 d6 6.Nc3 g6 7.e4 a6 8.a4 Bg4 9.Be2
Bxf3 10.Bxf3 Nbd7 11.O-O Bg7 12.Bf4 Qe7 13.Re1 O-O 14.Qd2 Rfe8 15.h3 Rab8 16.Be2
Nh5 17.Bxh5 gxh5 18.Qe2 Qf6 19.Bh2 Qg6 20.f4 Re7 21.e5 dxe5 22.Rad1 Rbe8 23.d6
Re6 24.Nd5 Rxd6 25.f5 Qg5 26.f6 Bxf6 27.Nxf6+ Qxf6 28.Rxd6 Qxd6 29.Rd1 Qe6
30.Qxh5 f6 31.Kh1 b5 32.axb5 axb5 33.Bg1 c4 34.Be3 Nf8 35.Bh6 f5 36.Rf1 f4
37.Bg5 Qg6 38.Qh4 Ne6 39.Bf6 Nd4 40.Re1 Nf5 41.Qg5 Qxg5 42.Bxg5 Kf7 43.Rd1 h6
44.Bd8 Nd4 45.Bc7 Kf6 46.Bb6 Kf5 47.Rd2 b4 48.g4+ fxg3 49.Bxd4 exd4 50.Rxd4 Rc8

[Event "aut_ch03"]
[Site "Hartberg, Stmk"]
[Date "2003.08.06"]
[Round "11"]
[Board "1"]
[White "Stanec, Nikolaus"]
[Black "Ragger, Markus"]
[Result "1-0"]
[WhiteElo "2560"]
[BlackElo "2347"]
[PlyCount "91"]

1.c4 c5 2.g3 Nc6 3.b3 g6 4.Bb2 e5 5.Bg2 Bg7 6.e3 Nge7 7.Nc3 O-O 8.Nge2 Rb8 9.O-O
a6 10.d3 d6 11.Qd2 Be6 12.Nd5 b5 13.Rad1 Qd7 14.Rfe1 Bh3 15.Bh1 Nxd5 16.cxd5 Ne7
17.Rc1 Nf5 18.Nc3 Qd8 19.Ne4 Ne7 20.d4 cxd4 21.exd4 Nxd5 22.dxe5 dxe5 23.Nc5 Nc7
24.Qxd8 Rfxd8 25.Bxe5 Bxe5 26.Rxe5 Rb6 27.Bg2 Bxg2 28.Kxg2 Rc6 29.Re2 b4 30.Rec2
Nb5 31.Nb7 Rxc2 32.Rxc2 Rd1 33.Na5 Nc3 34.Nc6 Nd5 35.Rc5 Kg7 36.Ra5 Rd2 37.Kf3
Nc3 38.Nxb4 Nd1 39.g4 Rxf2+ 40.Kg3 h5 41.gxh5 f5 42.Nd5 g5 43.Rxa6 Rf1 44.Rg6+
Kf7 45.Rxg5 Ke6 46.h6

[Event "aut_ch03"]
[Site "Hartberg, Stmk"]
[Date "2003.08.06"]
[Round "11"]
[Board "1"]
[White "Knoll, Hermann"]
[Black "Volkmann, Friedrich Karl"]
[Result "1/2-1/2"]
[WhiteElo "2361"]
[BlackElo "2455"]
[PlyCount "126"]

1.e4 e5 2.Nf3 Nf6 3.Nxe5 d6 4.Nf3 Nxe4 5.Bd3 Nf6 6.O-O Be7 7.c3 Bg4 8.h3 Bh5
9.Bc2 O-O 10.d4 Re8 11.Re1 Nbd7 12.g4 Bg6 13.Bxg6 hxg6 14.Bf4 a5 15.Bg3 a4
16.Qd3 d5 17.Nbd2 c6 18.Ne5 Bf8 19.Re2 Nxe5 20.Bxe5 Qb6 21.Rb1 Re6 22.Bxf6 Rxe2
23.Qxe2 gxf6 24.Nf3 Bd6 25.Kg2 Qd8 26.Qc2 Kg7 27.Re1 Qd7 28.Re2 b6 29.Qd3 Bf4
30.Qb1 b5 31.Qe1 Bd6 32.Qb1 Rh8 33.Qd3 Bf4 34.b3 Ra8 35.c4 dxc4 36.bxc4 b4
37.Rb2 Rb8 38.Qb1 Qe7 39.Qd1 b3 40.axb3 Qa3 41.Rb1 Rxb3 42.Ra1 Qb4 43.Qc2 Bb8
44.Qe4 Qxc4 45.Nd2 Qd3 46.Qxd3 Rxd3 47.Nc4 Rxd4 48.Rxa4 Be5 49.f3 Kh6 50.h4 f5
51.gxf5 Kh5 52.fxg6 f5 53.Ra5 Rxc4 54.Rxe5 Kxg6 55.Kg3 Kf6 56.f4 Rc3+ 57.Kg2 Kg6
58.Kf2 c5 59.h5+ Kxh5 60.Rxf5+ Kg4 61.Rf8 c4 62.Ke2 Rd3 63.Rc8 Rc3

[Event "aut_ch03"]
[Site "Hartberg, Stmk"]
[Date "2003.08.07"]
[Round "12"]
[Board "1"]
[White "Schweda, Roland"]
[Black "Schroll, Gerhard"]
[Result "1/2-1/2"]
[WhiteElo "2381"]
[BlackElo "2414"]
[PlyCount "30"]

1.d4 f5 2.Nc3 Nf6 3.Bg5 d5 4.Bxf6 exf6 5.e3 Be6 6.Bd3 Qd7 7.Qf3 Nc6 8.a3 Nd8
9.h4 g6 10.Nh3 c6 11.Nf4 Bf7 12.Qd1 Bd6 13.Nce2 Ne6 14.g3 h5 15.c3 Qe7

[Event "aut_ch03"]
[Site "Hartberg, Stmk"]
[Date "2003.08.07"]
[Round "12"]
[Board "1"]
[White "Baumegger, Siegfried"]
[Black "Danner, Georg"]
[Result "0-1"]
[WhiteElo "2375"]
[BlackElo "2359"]
[PlyCount "76"]

1.e4 c5 2.Nf3 d6 3.d4 cxd4 4.Nxd4 Nf6 5.Nc3 a6 6.f4 e5 7.Nf3 Nbd7 8.a4 Be7 9.Bd3
O-O 10.O-O Nc5 11.Kh1 d5 12.Nxe5 dxe4 13.Be2 Qc7 14.Qe1 b6 15.Qg3 Bb7 16.Be3
Ncd7 17.Rad1 Rad8 18.Bd4 Nxe5 19.fxe5 Nd7 20.Bxa6 Bxa6 21.Nd5 Qxc2 22.Nxe7+ Kh8
23.e6 f6 24.exd7 Bxf1 25.Rxf1 Qc4 26.Rd1 Qxa4 27.Rd2 Qxd7 28.Qa3 Rfe8 29.Be3 Qb5
30.Rxd8 Rxd8 31.Bg1 g6 32.Qa2 Kg7 33.Qe6 Qe5 34.Qxe5 fxe5 35.Nc6 Rd1 36.Nxe5 e3
37.Nf3 e2 38.h3 Rf1

[Event "aut_ch03"]
[Site "Hartberg, Stmk"]
[Date "2003.08.07"]
[Round "12"]
[Board "1"]
[White "Ragger, Markus"]
[Black "Knoll, Hermann"]
[Result "1/2-1/2"]
[WhiteElo "2347"]
[BlackElo "2361"]
[PlyCount "25"]

1.e4 e6 2.d4 d5 3.Nc3 Bb4 4.Nge2 dxe4 5.a3 Be7 6.Ng3 Nf6 7.Ncxe4 Nbd7 8.Bd3 Nxe4
9.Nxe4 Nf6 10.c3 Bd7 11.Bg5 Bc6 12.Qc2 Qd5 13.Bxf6

[Event "aut_ch03"]
[Site "Hartberg, Stmk"]
[Date "2003.08.07"]
[Round "12"]
[Board "1"]
[White "Titz, Heimo"]
[Black "Wittmann, Walter"]
[Result "0-1"]
[WhiteElo "2295"]
[BlackElo "2359"]
[PlyCount "51"]

1.d4 Nf6 2.Nf3 g6 3.c4 Bg7 4.Nc3 d5 5.Qb3 dxc4 6.Qxc4 O-O 7.e4 Nc6 8.Be2 Bg4
9.Be3 Bxf3 10.gxf3 e5 11.dxe5 Nxe5 12.Qb3 Nh5 13.h4 c6 14.Bg5 Bf6 15.f4 Nd3+
16.Kf1 Ndxf4 17.Bxf4 Nxf4 18.h5 Qe7 19.hxg6 hxg6 20.Bg4 Rad8 21.Rd1 Rxd1+
22.Bxd1 Rd8 23.Rg1 Bxc3 24.bxc3 Qxe4 25.Rg3 Qh1+ 26.Rg1

[Event "aut_ch03"]
[Site "Hartberg, Stmk"]
[Date "2003.08.07"]
[Round "12"]
[Board "1"]
[White "Freitag, Manfred"]
[Black "Lendwai, Reinhard"]
[Result "1/2-1/2"]
[WhiteElo "2393"]
[BlackElo "2444"]
[PlyCount "33"]

1.e4 c6 2.d4 d5 3.Nc3 dxe4 4.Nxe4 Bf5 5.Ng3 Bg6 6.h4 h6 7.Nf3 Nf6 8.Ne5 Bh7
9.Bd3 Bxd3 10.Qxd3 e6 11.Bd2 Nbd7 12.f4 Be7 13.O-O-O O-O 14.Qf3 c5 15.Nxd7 Qxd7
16.dxc5 Qa4 17.Kb1

[Event "aut_ch03"]
[Site "Hartberg, Stmk"]
[Date "2003.08.08"]
[Round "13"]
[Board "1"]
[White "Kummer, Helmut"]
[Black "Freitag, Manfred"]
[Result "1/2-1/2"]
[WhiteElo "2336"]
[BlackElo "2393"]
[PlyCount "92"]

1.d4 Nf6 2.c4 g6 3.Nc3 Bg7 4.e4 d6 5.Be2 O-O 6.Bg5 Na6 7.Qd2 e5 8.d5 Qe8 9.Bd1
Nh5 10.Bc2 f5 11.f3 Bd7 12.Nge2 Kh8 13.Be3 Nb4 14.Bb1 a5 15.a3 Na6 16.b3 b6
17.Bc2 Nc5 18.Rb1 fxe4 19.Nxe4 Nxe4 20.Bxe4 Nf6 21.Nc3 Bf5 22.O-O Rf7 23.Rbe1 a4
24.b4 Qc8 25.Bc2 Bxc2 26.Qxc2 Qf5 27.Qd1 Kg8 28.Rf2 Rff8 29.Qc2 Qxc2 30.Rxc2 e4
31.Nxe4 Nxe4 32.fxe4 Rae8 33.Bf2 Rf4 34.Rce2 Bc3 35.Rc1 Bg7 36.Rce1 Bc3 37.Rc1
Bg7 38.c5 bxc5 39.bxc5 Rfxe4 40.Rxe4 Rxe4 41.cxd6 cxd6 42.Rc8+ Kf7 43.Rc7+ Kg8
44.Rc8+ Kf7 45.Rc7+ Kg8 46.Rc8+ Kf7

[Event "aut_ch03"]
[Site "Hartberg, Stmk"]
[Date "2003.08.08"]
[Round "13"]
[Board "1"]
[White "Stanec, Nikolaus"]
[Black "Titz, Heimo"]
[Result "1/2-1/2"]
[WhiteElo "2560"]
[BlackElo "2295"]
[PlyCount "131"]

1.Nf3 Nf6 2.c4 c5 3.b3 g6 4.Bb2 Bg7 5.g3 Nc6 6.Bg2 d6 7.O-O O-O 8.e3 Bg4 9.h3
Bxf3 10.Qxf3 Rc8 11.Nc3 a6 12.Qe2 e6 13.Rac1 Qc7 14.Rfd1 Nd7 15.Ba1 Qb8 16.f4
Rfe8 17.g4 f5 18.gxf5 exf5 19.Bf3 Nf6 20.Qg2 Qc7 21.h4 Kh8 22.Kf2 Qf7 23.Rg1 Re7
24.Nd5 Nxd5 25.Bxd5 Qf8 26.Bxc6 Rxc6 27.h5 Bxa1 28.Rxa1 Rg7 29.hxg6 Rxg6 30.Qd5
Qf6 31.Rh1 Rc7 32.Rag1 Rcg7 33.Rxg6 Qxg6 34.Qf3 Kg8 35.Ke1 h6 36.Kd1 Kh7 37.Kc2
Qg2 38.Qh5 Qg6 39.Qh4 Qe6 40.Qh3 b5 41.d3 b4 42.Kb1 Qf6 43.Qf3 Rg6 44.Rd1 Rg7
45.Qd5 Re7 46.Rg1 Qe6 47.Qg2 Qf7 48.e4 fxe4 49.dxe4 Qe6 50.Kc1 Qf7 51.Kb1 Qe6
52.Re1 Qg6 53.Qc2 a5 54.Qd3 Rf7 55.f5 Qf6 56.Qd5 Rg7 57.Qd2 Qe5 58.Qe2 Rg3
59.Qf2 Rg7 60.Qc2 Rg4 61.Qe2 Rh4 62.Qf3 Rh2 63.Re2 Rxe2 64.Qxe2 Kg7 65.Qg4+ Kf8
66.Qh4

[Event "aut_ch03"]
[Site "Hartberg, Stmk"]
[Date "2003.08.08"]
[Round "13"]
[Board "1"]
[White "Neubauer, Martin"]
[Black "Ragger, Markus"]
[Result "1-0"]
[WhiteElo "2417"]
[BlackElo "2347"]
[PlyCount "109"]

1.e4 e5 2.Nf3 Nc6 3.Bb5 a6 4.Ba4 Nf6 5.O-O Be7 6.d3 b5 7.Bb3 O-O 8.Nc3 d6 9.Nd5
Na5 10.Bd2 Nxb3 11.Nxe7+ Qxe7 12.axb3 Bg4 13.h3 Bh5 14.Qe2 Qe6 15.Qe3 Bxf3
16.Qxf3 d5 17.exd5 Qxd5 18.Qxd5 Nxd5 19.Ra5 c6 20.Rfa1 Nc7 21.f4 f6 22.fxe5 fxe5
23.Re1 Rfe8 24.Raa1 Nd5 25.c4 Nf6 26.Bc3 Nd7 27.Re3 Re6 28.Kf1 Kf7 29.Ke2 Ke7
30.Kd2 Rb8 31.Rae1 Kd6 32.b4 a5 33.d4 axb4 34.Bxb4+ c5 35.dxc5+ Kc6 36.Kc3 bxc4
37.Kxc4 Rb5 38.Ba3 Rf6 39.b4 Rf4+ 40.Re4 Rf2 41.R1e2 Rf1 42.Rd2 Rb8 43.b5+ Kc7
44.b6+ Nxb6+ 45.cxb6+ Rxb6 46.Rxe5 Rg6 47.Re7+ Kc6 48.Bb2 Rf4+ 49.Kb3 Kc5
50.Rc7+ Kb5 51.Bxg7 Rb4+ 52.Kc2 Kb6 53.Rf7 Rc4+ 54.Kd1 h5 55.Rf6+

[Event "aut_ch03"]
[Site "Hartberg, Stmk"]
[Date "2003.08.08"]
[Round "13"]
[Board "1"]
[White "Danner, Georg"]
[Black "Volkmann, Friedrich Karl"]
[Result "1/2-1/2"]
[WhiteElo "2359"]
[BlackElo "2455"]
[PlyCount "24"]

1.d4 Nf6 2.Nf3 d5 3.c4 e6 4.Bg5 Nbd7 5.Nc3 Be7 6.e3 O-O 7.Rc1 c6 8.Bd3 dxc4
9.Bxc4 Nd5 10.Bxe7 Qxe7 11.O-O Nxc3 12.Rxc3 e5

[Event "aut_ch03"]
[Site "Hartberg, Stmk"]
[Date "2003.08.08"]
[Round "13"]
[Board "1"]
[White "Schroll, Gerhard"]
[Black "Baumegger, Siegfried"]
[Result "1-0"]
[WhiteElo "2414"]
[BlackElo "2375"]
[PlyCount "113"]

1.b3 e5 2.Bb2 d6 3.g3 g6 4.Bg2 Bg7 5.c4 Nc6 6.e3 Nh6 7.Ne2 O-O 8.d4 exd4 9.Nxd4
Bd7 10.Nxc6 Bxc6 11.Bxg7 Kxg7 12.Qd4+ Kg8 13.O-O Nf5 14.Qb2 Re8 15.Nc3 Bxg2
16.Kxg2 c6 17.Rfd1 Qe7 18.e4 Ng7 19.Qd2 Rad8 20.Re1 Ne6 21.Rad1 Qc7 22.Re3 Kf8
23.Rd3 Nc5 24.Rd4 a5 25.f3 Ke7 26.Qh6 Ne6 27.R4d2 Qb6 28.Qh4+ g5 29.Qh6 Qc5
30.Ne2 Rg8 31.Nd4 Nxd4 32.Rxd4 Qe5 33.Qxh7 Rg6 34.Qh3 g4 35.Qh4+ Qg5 36.Qxg5+
Rxg5 37.f4 Rh5 38.e5 Rdh8 39.exd6+ Kd7 40.h4 gxh3+ 41.Kh2 Re8 42.R1d2 Re3
43.R4d3 Rxd3 44.Rxd3 b6 45.Rd2 f5 46.a3 Rh8 47.b4 axb4 48.axb4 Ra8 49.c5 Ra4
50.b5 cxb5 51.c6+ Kd8 52.Rd5 Rc4 53.c7+ Kd7 54.Rxb5 Kxd6 55.Rxb6+ Ke7 56.Rh6 Kf7
57.Rh8

[Event "aut_ch03"]
[Site "Hartberg, Stmk"]
[Date "2003.08.09"]
[Round "14"]
[Board "1"]
[White "Schweda, Roland"]
[Black "Baumegger, Siegfried"]
[Result "1/2-1/2"]
[WhiteElo "2381"]
[BlackElo "2375"]
[PlyCount "54"]

1.d4 d5 2.c4 dxc4 3.Nf3 Nf6 4.Qa4+ c6 5.Qxc4 Bf5 6.Nc3 e6 7.g3 Be7 8.Bg2 Nbd7
9.O-O O-O 10.e3 Ne4 11.Rd1 Rc8 12.Qe2 Qa5 13.Bd2 Nxd2 14.Nxd2 Rfd8 15.e4 Bg6
16.h4 h6 17.Nc4 Qa6 18.a4 Nb6 19.Ne5 Qxe2 20.Nxe2 Bh7 21.a5 Nd7 22.Nc4 Nf6
23.Nc3 Bb4 24.Na2 Bf8 25.Nc3 Bb4 26.Na2 Be7 27.Nc3 Bb4